000 00702nam a22001817a 4500
999 _c11722
_d11722
003 OSt
005 20181220151619.0
008 181220b ||||| |||| 00| 0 eng d
040 _c0
082 _aDPer 910.5 T69 Apr-June 2015 v. 45, n.4-5
100 _aChing, Kristine
_933474
245 _aSake 101 :
_btwo sake masters give us the lowdown on Japan's favorite drink- how to serve it, enjoy it, and match it with food /
_cKristine Ching ; Photograph by Jar Concengco
260 _aQuezon City, Philippines :
_bABS-CBN Publishing Inc.,
_ccApr-June 2015.
300 _av. 45, n. 2, p. 66-76.
_bcolored illustrations ;
_c28 cm.
500 _aFood
650 _aFood
_vPeriodical
_933440
942 _2ddc
_cPER